Código de Procedimiento Civil: anotaciones y concordancias. Indice temático. Títulos de artículos del cuerpo del código y de las normas del apéndice
সংরক্ষণ করুন:
| অন্যান্য লেখক: | , |
|---|---|
| বিন্যাস: | গ্রন্থ |
| ভাষা: | স্প্যানিশ |
| প্রকাশিত: |
Santiago, Chile:
Legal Publishing; Thomson Reuters,
2019
|
| সংস্করন: | Decimonovena Edición. |
| মালা: | Colección Códigos
|
| বিষয়গুলি: | |
| ট্যাগগুলো: |
ট্যাগ যুক্ত করুন
কোনো ট্যাগ নেই, প্রথমজন হিসাবে ট্যাগ করুন!
|
MARC
| LEADER | 00000cam a2200000 a 4500 | ||
|---|---|---|---|
| 001 | UCC7418 | ||
| 003 | CL-VaPUC | ||
| 005 | 20250416110212.0 | ||
| 008 | 190329e20190000cl |||||||||||||||||spa|d | ||
| 999 | |c 374056 |d 374054 | ||
| 020 | |a 9789564000091 | ||
| 040 | |c Pontificia Universidad Católica de Valparaíso | ||
| 082 | 0 | 4 | |a 347.83 CHI 2019 |2 21 |
| 110 | 1 | |4 Chile | |
| 245 | 1 | 0 | |a Código de Procedimiento Civil: anotaciones y concordancias. Indice temático. Títulos de artículos del cuerpo del código y de las normas del apéndice |
| 250 | |a Decimonovena Edición. |b Actualizada al 4 de enero de 2019. | ||
| 260 | |a Santiago, Chile: |b Legal Publishing; |b Thomson Reuters, |c 2019 | ||
| 300 | |a 360 páginas | ||
| 490 | 0 | |a Colección Códigos | |
| 505 | |a Mensaje del Código de Procedimiento Civil. Mensaje sobre modificaciones a este Código. Decreto N.º 1.107, del Ministerio de Justicia, que aprueba el texto del Código. Ley N.º 1.552. Aprueba Código de Procedimiento Civil. -Libro Primero. Disposiciones Comunes a Todo Procedimiento. -Libro Segundo. Del Juicio Ordinario. -Libro Tercero. De los Juicios Especiales. -Libro Cuarto. De los Actos Judiciales No Contenciosos. Apéndice: -Ley N.º 18.120. Establece normas sobre Comparecencia en Juicio y modifica los artículos 4° del Código de Procedimiento Civil y 523 del Código Orgánico de Tribunales. (D.O. de 18 de mayo de 1982) -Ley N.º 14.908. Sobre Abandono de Familia y Pago de Pensiones Alimenticias. (D.O. de 30 de mayo de 2000) -Ley N.º 16.271. Ley de Impuesto a las Herencias, Asignaciones y Donaciones. (D.O. de 30 de mayo de 2000) -Ley N.º 20.066. Establece Ley de Violencia Intrafamiliar. (D.O. de 7 de octubre de 2005) | ||
| 583 | |a last modification |c 20190329 16:06:00 |k Rodrigo Vera | ||
| 650 | 1 | |a Derecho civil chileno |9 320612 | |
| 650 | 1 | |a Procedimiento civil |z Chile |9 890903 | |
| 650 | 1 | 0 | |a Código civil chileno |9 255931 |
| 650 | 1 | |a Juicio ordinario |9 254867 | |
| 650 | 1 | |a Juicios especiales |9 348378 | |
| 650 | 1 | |a Actos judiciales no contenciosos |9 391844 | |
| 700 | 0 | |a Hernández de Lamotte, Diego Andrés |e director |9 891033 | |
| 700 | 0 | |a Fuchs Nissim, Andrés |e director |9 814260 | |
| 942 | |c BK |2 ddc | ||
| 945 | |d 20190329 16:06:00 |a dcastane | ||
| 952 | |0 0 |1 0 |3 erb |4 0 |6 347_830000000000000_CHI_2019 |7 0 |8 R |9 492414 |a BIBDER |b BIBDER |i 5539390 |l 13 |o 347.83 CHI 2019 |p 5539390 |r 2024-08-27 |s 2024-08-27 |w 2019-11-24 |y BK_R |z Catalogado en:20190329 |k DER | ||